000 00494nam a2200181 a 4500
005 20140310183329.0
008 060815s19uu xx 00 eng d
020 _a0321330625
050 _aTR 310
_b.P575 2005
245 _aThe photoshop CS2 book for digital photographers /
260 _aU.S.A :
_bNew Riders,
_c2005.
300 _a457 p. :
_bcol. ill. ;
_c26 cm.
521 _aMA
650 _aAdobo Photoshop.
650 _aComputer Graphics.
942 _cBK
_2lcc
_kFOR
999 _c21512
_d21512